Normal view
MARC view
- MS-CSE-2019
Entry Topical Term
001 - CONTROL NUMBER
- control field: 113142
003 - CONTROL NUMBER IDENTIFIER
- control field: NUST
005 - DATE AND TIME OF LATEST TRANSACTION
- control field: 20230616120014.0
008 - FIXED-LENGTH DATA ELEMENTS
- fixed length control field: 230616|| aca||aabn | a|a d
040 ## - CATALOGING SOURCE
- Original cataloging agency: NUST
- Transcribing agency: NUST
150 ## - HEADING--TOPICAL TERM
- Topical term or geographic name entry element: MS-CSE-2019
670 ## - SOURCE DATA FOUND
- Source citation: Work cat.: (NUST): Sobia Qaiser 113141, Deep Word Embedding based Sentimental Analysis of COVID-19 Tweets, 2023.
